Patentové statistiky jako ukazatele vědy a techniky

Na minha lista:
Detalhes bibliográficos
Autor principal: Vlachá, Eva
Formato: Livro
Idioma:tcheco
Publicado em: Praha Ústředí vědeckých, technických a ekonomických informací 1988
Edição:1. vyd.
Tags: Adicionar Tag
Sem tags, seja o primeiro a adicionar uma tag!

MARC

LEADER 00000nam a2200000 4500
001 c029955
005 20251111105450.4
041 0 |a cze 
044 |a CZ 
245 1 0 |a Patentové statistiky jako ukazatele vědy a techniky  |c Eva Vlachá 
250 |a 1. vyd. 
264 1 |a Praha  |b Ústředí vědeckých, technických a ekonomických informací  |c 1988 
300 |a 68 s. 
100 1 |a Vlachá, Eva